000 00690nam a2200145 a 4500
008 071130s2005 ||||||||||||||||| || u
050 _aTHESIS/STUDENT
100 _aBanda Francis
245 1 3 _aAn evaluation of the rating system in Zambia: a focus on site value rating system as an alternative
260 _aKitwe
_bCopperbelt University, School of Built Environment, Department of Planning and Land Economy
_c2005
350 _a0.00
650 _aLAND
650 _aRATING SYSTEM--ZAMBIA: SITE VALUE RATING SYSTEM--ZAMBIA
995 _D0.00
_FCBU-MAIN LIBRARY (Kitwe)
_H1
_I0.00
_M1
_UAVAILABLE
_WNov 30, 2007
_ZUniversity Collection
999 _c42735
_d42735